000
00245nam a2200097Ia 4500
008
230915s9999 xx 000 0 und d
050
_a
HF 5630 .A23 2000
100
_a
GILBERTSON,ROSS
245
0
_a
SOUTH-WESTERN CENTURY 21 ACCOUNTING
942
_c
BK
999
_c
81584
_d
81584